000
00284nam a22001097a 4500
008
170120b xxu||||| |||| 00| 0 eng d
020
_a
0471085367
041
_a
eng
080
_a
618.2
245
_a
FAMILY HEALTH/ A THEORITICAL APPROACH TO NURSING CARE
_c
CLEMENTS, I.W
942
_2
udc
_c
BK
999
_c
3227
_d
3227